| 000 | 01021cam a2200229 a 4500 | ||
|---|---|---|---|
| 001 | 77861 | ||
| 003 | BD-RjUL | ||
| 005 | 20211209083040.0 | ||
| 008 | 210131s1991 ua d 000 0 ara d | ||
| 035 | _a(BD-RjUL)78087 | ||
| 040 |
_aMEAUC _beng _cMEAUC _dOCLCQ _dOCLCO _dOCLCQ _dOCLCO |
||
| 041 | _aara | ||
| 066 | _c(3 | ||
| 082 |
_223 _a492.73 _bFIQ 1991 |
||
| 100 | 1 |
_aفيروزآبادي، محمد بن يعقوب Fīrūzābādī, Muḥammad ibn Yaʻqūb, _d1329-1414 or 1415. _9244240 |
|
| 245 | 1 | 3 |
_a القاموس المحيط al-Qāmūs al-muḥīṭ / _cمجد الدين محمد بن يعقوب الفيروزآبادي الشيرازي ؛ موشى الحواشي بطراز نصر الهورينيli-Majd al-Dīn Muḥammad ibn Yaʻqūb al-Fīrūzābādī |
| 260 |
_aمصر : Miṣr : _bالمطبعة الحسينية، al-Maṭbaʻah al-Ḥusaynīyah, _c1991 |
||
| 300 |
_a4 v. ; _c28 cm |
||
| 505 | _aVol.1.--v.2.--v.3.--v.4. | ||
| 650 | 0 |
_aArabic language _vDictionaries. _9244241 |
|
| 942 |
_cREF _2ddc |
||
| 999 |
_c77861 _d77861 |
||